000 01474nam a22001937a 4500
003 0
005 20241009152434.0
008 241009b xxu||||| |||| 00| 0 eng d
020 _a9780593098196
050 _aPS 3619
_b.Si617 2020
100 _aSinha, Madi,
_eauthor.
245 _aThe White Coat Diaries /
_cMadi Sinha.
250 _a1st ed.
260 _aNew York :
_bBerkley,
_c2020.
300 _a354 p. ;
_c21 cm.
520 _a"Grey's Anatomy meets Scrubs in this brilliant debut novel about a young doctor's struggle to survive residency, love, and life. Having spent the last twenty-something years with her nose in a textbook, brilliant and driven Norah Kapadia has just landed the medical residency of her dreams. But after a disastrous first day, she's ready to quit. Disgruntled patients, sleep deprivation, and her duty to be the "perfect Indian daughter" have her questioning her future as a doctor. Enter chief resident Ethan Cantor. He's everything Norah aspires to be: respected by the attendings, calm during emergencies, and charismatic with the patients. As he morphs from Norah's mentor to something more, it seems her luck is finally changing. When a fatal medical mistake is made, pulling Norah into a cover-up, she must decide how far she's willing to go to protect the secret. What if "doing no harm" means risking her career and the future for which she's worked so hard?"-- Provided by publisher.
655 _aLove stories.
942 _2lcc
_cBK
999 _c366474
_d366474